000 00554ngm a2200205 i 4500
001 C2-0310362
003 PPAK
005 20180727220604.0
008 110616s2005 xxu|||| ||||| | vleng d
040 _aPPAK
_beng
_cPPAK
_erda
245 1 0 _aLand of the dead
264 1 _aUnited States :
_bUniversal Pictures ,
_c[2005]
336 _2rdacontent
_atext
337 _2rdamedia
_aunmediated
338 _2rdacarrier
_avolume
700 _eauthor
700 1 _aRomero, George A.,
_ecompile
700 1 _aDoherty, Michael,
_eeditor
942 _2ddc
_cDVD
999 _c166375
_d166375